Normal view
MARC view
- Bansil, P.C.
Entry Personal Name
001 - CONTROL NUMBER
- control field: 1597
003 - CONTROL NUMBER IDENTIFIER
- control field: OSt
005 - DATE AND TIME OF LATEST TRANSACTION
- control field: 20161001134107.0
008 - FIXED-LENGTH DATA ELEMENTS
- fixed length control field: 161001|| aca||aabn | a|a d
040 ## - CATALOGING SOURCE
- Original cataloging agency: OSt
- Transcribing agency: OSt
100 ## - HEADING--PERSONAL NAME
- Personal name: Bansil, P.C.
670 ## - SOURCE DATA FOUND
- Source citation: Work cat.: (OSt)8790: Bansil, P.C., Agricultural Statistical Compendium, Vol -1 - Foodgrains Part II (With Suppliment to Part I)/ , 1992.
